| 000 | 00433nam a2200169 a 4500 | ||
|---|---|---|---|
| 005 | 20141022142003.0 | ||
| 008 | 130703s19uu xx 00 eng d | ||
| 010 | _aCD Q7 2011 | ||
| 020 | _a9782090324808 | ||
| 050 |
_aCD _bQ7 2011 |
||
| 100 | _aPoisson-Quinton, Sylvie | ||
| 245 | _aAmical. | ||
| 260 | _bCLE International. | ||
| 520 | _a1. CD containing two discs 2. French course | ||
| 650 | _aFrench Course | ||
| 942 | _cAVM | ||
| 999 |
_c276398 _d276398 |
||